Представление документа в формате RUSMARC

ПолеНазваниеЗначение
  Тип записи c
  Библиографический уровень m
001 Контрольный номер RU/УОНБ/EK_N/357238432
005 Дата корректировки 20250520123053.8
100 Данные общей обработки __
a Данные общей обработки 20181116g1983 u y0rusy0189||||ca
101 Язык документа 0_
a Язык текста rus
f Язык титульного листа rus
102 Страна публикации __
a Страна публикации RU
105 Кодированные данные (монография) __
a Кодированные данные (монография) y###||||000|y
200 Заглавие и сведения об ответственности 1_
a Заглавие В кругу друзей
b Общее обозначение материала [Ноты]
e Сведения, относящиеся к заглавию попул. музыка для баяна или аккордеона
f Первые сведения об ответственности сост. О. Агафонов
205 Сведения об издании __
a Основные сведения об издании Переизд.
210 Выходные данные 1_
a Место издания Москва
c Издательство Советский композитор
d Дата издания 1983 -
215 Физическое описание __
d Формат 29 см
512 Заглавие обложки 1_
a Заглавие обложки В кругу друзей
686 Индексы других классификаций __
a Классификационный индекс 85
2 Код системы rubbk
702 Вторичная интеллектуальная ответственность _1
a Фамилия Агафонов
b Имя (инициалы) О.
4 Код отношения 220
801 Источник записи _0
a Страна RU
b Организация Ульяновская ОНБ
c Дата составления 20181116
g Правила каталогизации RCR
801 Источник записи _1
a Страна RU
b Организация Ульяновская ОНБ
c Дата составления 20181116
g Правила каталогизации RCR
901 Тип документа __
t Тип документа v
909 Создатель записи __
a Создатель записи Лобина Л. И.
938 Служебная информация __
a Имя БД noti
b Имя библиотеки УОНБ
c Имя АИБС МАРК-SQL
d Номер DOC_ID в БД 8783